Detalles MARC
| 000 -CABECERA |
| campo de control de longitud fija |
02043nam a22003497i 4500 |
| 003 - IDENTIFICADOR DEL NÚMERO DE CONTROL |
| campo de control |
DO-SdBNP |
| 005 - FECHA Y HORA DE LA ÚLTIMA TRANSACCIÓN |
| campo de control |
20260516164736.0 |
| 007 - CAMPO FIJO DE DESCRIPCIÓN FÍSICA--INFORMACIÓN GENERAL |
| campo de control de longitud fija |
ta |
| 008 - DATOS DE LONGITUD FIJA--INFORMACIÓN GENERAL |
| campo de control de longitud fija |
210622e1994 dr abc|er|||| 001 0dspa d |
| 040 ## - FUENTE DE LA CATALOGACIÓN |
| Centro catalogador/agencia de origen |
DO-SdBNP |
| Lengua de catalogación |
spa |
| Centro/agencia transcriptor |
BNPHU |
| Normas de descripción |
rda |
| 041 ## - CÓDIGO DE LENGUA |
| Código de lengua del texto/banda sonora o título independiente |
spa |
| 082 ## - NÚMERO DE LA CLASIFICACIÓN DECIMAL DEWEY |
| Número de clasificación |
327.116 |
| Número de documento/Ítem |
T233a |
| Número de edición |
23 |
| 100 1# - ENTRADA PRINCIPAL--NOMBRE DE PERSONA |
| Nombre de persona |
Taveras P. , Juan A. |
| Fechas asociadas al nombre |
1950 - |
| 9 (RLIN) |
78958 |
| Código de función/relación |
aut. |
| Término indicativo de función/relación |
autor |
| 245 13 - MENCIÓN DE TÍTULO |
| Título |
Arde el imperio : |
| Resto del título |
la importancia de la OTAN, la seguridad de Europa y la amenaza latente del Golfo Pérsico / |
| Mención de responsabilidad, etc. |
Juan A. Taveras P. |
| 250 ## - MENCIÓN DE EDICIÓN |
| Mención de edición |
Primera edición |
| 260 ## - PUBLICACIÓN, DISTRIBUCIÓN, ETC. |
| Lugar de publicación, distribución, etc. |
Santo Domingo, República Dominicana : |
| Nombre del editor, distribuidor, etc. |
Editora Alfa & Omega, |
| Fecha de publicación, distribución, etc. |
1994 |
| 300 ## - DESCRIPCIÓN FÍSICA |
| Extensión |
93 páginas : |
| Otras características físicas |
ilustarciones, mapas, retratos.; |
| Dimensiones |
21 cm |
| 336 ## - TIPO DE CONTENIDO |
| Fuente |
rdacontent |
| Término de tipo de contenido |
texto |
| Código de tipo de contenido |
txt |
| 337 ## - TIPO DE MEDIO |
| Fuente |
rdamedia |
| Nombre/término del tipo de medio |
sin mediación |
| Código del tipo de medio |
n |
| 338 ## - TIPO DE SOPORTE |
| Fuente |
rdacarrier |
| Nombre/término del tipo de soporte |
volumen |
| Código del tipo de soporte |
nc |
| 504 ## - NOTA DE BIBLIOGRAFÍA, ETC. |
| Nota de bibliografía, etc. |
Bibliografía, p. 91 - 93 |
| 505 00 - NOTA DE CONTENIDO CON FORMATO |
| Nota de contenido con formato |
Introducción. |
| Información miscelánea |
Capítulo I |
| Título |
La creación de la alianza militar del Atlántico.-- Historia de la Alianza Atlántica.-- Crisis del comunismo. -- |
| Información miscelánea |
Capítulo II. |
| Título |
Fin de la guerra fría entre los dos bloques ideológicos.-- La guerra del Golfo Pérsico.-- Participación de Alemania en la primera y segunda guerras mundiales.-- De la división a la unidad alemana.-- |
| Información miscelánea |
Capítulo III. |
| Título |
El compromiso norteamericano con Europa.-- La cooperación entre las repúblicas de la ex-república URSS-- La OTAN y la pacificación de la ex-Yugoslavia.-- La federación entre Croacia y Bosnia.-- Situación actual de la ciudad de Gorazde y la OTAN.-- Alianza militar con afinidad a la OTAN.-- Alianza comercial euro-americana |
| 505 00 - NOTA DE CONTENIDO CON FORMATO |
| Nota de contenido con formato |
Bibliografía. |
| 590 ## - NOTA LOCAL (RLIN) |
| Nota local |
Inventariado, 2023 / DG |
| 610 #7 - PUNTO DE ACCESO ADICIONAL DE MATERIA--NOMBRE DE ENTIDAD CORPORATIVA |
| Fuente del encabezamiento o término |
librunam |
| Nombre de entidad corporativa o nombre de jurisdicción como elemento de entrada |
Organización del Tratado del Atlántico Norte |
| 9 (RLIN) |
89620 |
| Subdivisión general |
Historia |
| 650 #7 - PUNTO DE ACCESO ADICIONAL DE MATERIA--TÉRMINO DE MATERIA |
| Fuente del encabezamiento o término |
lemb |
| Término de materia o nombre geográfico como elemento de entrada |
Seguridad internacional |
| Subdivisión cronológica |
1990-1999 |
| Subdivisión geográfica |
Europa |
| 9 (RLIN) |
89621 |
| 650 #7 - PUNTO DE ACCESO ADICIONAL DE MATERIA--TÉRMINO DE MATERIA |
| Fuente del encabezamiento o término |
lemb |
| Término de materia o nombre geográfico como elemento de entrada |
Guerra del Golfo, 1991 |
| 9 (RLIN) |
89623 |
| 651 #7 - PUNTO DE ACCESO ADICIONAL DE MATERIA--NOMBRE GEOGRÁFICO |
| Nombre geográfico |
Región del Golgo Pérsico |
| Fuente del encabezamiento o término |
lemb |
| Subdivisión general |
Relaciones militares |
| 9 (RLIN) |
89622 |
| 651 #7 - PUNTO DE ACCESO ADICIONAL DE MATERIA--NOMBRE GEOGRÁFICO |
| Nombre geográfico |
Europa |
| Subdivisión general |
Relaciones militares |
| Subdivisión geográfica |
Estados Unidos |
| 9 (RLIN) |
89624 |
| 910 ## - DATOS DE OPCIÓN DEL USUARIO (OCLC) |
| Datos de opción del usuario |
DG |
| 942 ## - ELEMENTOS DE PUNTO DE ACCESO ADICIONAL (KOHA) |
| Fuente del sistema de clasificación o colocación |
Dewey Decimal Classification |
| Tipo de ítem Koha |
Libro |